Cuadernos de lenguas indígenas : lengua totonaca /

Colección de breves catálogos que formaron parte de una campaña emprendida por el Instituto Nacional Indigenista de México (INI) para rescatar aquellas palabras de varias lenguas indígenas que pueden ser utilizadas en lugar de la expresión española que las ha desplazado en dicho contexto idiomático,...

Бүрэн тодорхойлолт

-д хадгалсан:
Номзүйн дэлгэрэнгүй
Бусад зохиолчид: Zalazar Villaseñor, Leobardo (colaboración) (colaboración), Sánchez Azuara, Gilberto (preliminares) (preliminares)
Формат: Ном
Хэл сонгох:испани
Цуврал:(Cuadernos de Lenguas Indígenas ; 14)
Нөхцлүүд:
Шошгууд: Шошго нэмэх
Шошго байхгүй, Энэхүү баримтыг шошголох эхний хүн болох!

MARC

LEADER 00000nam^a2200000^a^4500
001 000184589
005 20250521000000.0
009 20260310102119.716
037 |a Acervo ITESO - Biblioteca 
041 |a ESP 
082 |a 497.  |b CUA V. 14 
245 0 0 |a Cuadernos de lenguas indígenas :  |b lengua totonaca /  |c Colaboración de L. Zalazar Villaseñor... [et al.] ; prelim. de G. Sánchez Azuara. 
264 |a México :  |b Instituto Nacional Indigenista,  |c 1988 
300 |a 54 p. 
336 |a texto  |b txt  |2 rdacontenido 
337 |a sin mediación  |b n  |2 rdamedio 
338 |a volumen  |b nc  |2 rdasoporte 
440 1 |a (Cuadernos de Lenguas Indígenas ;  |v 14) 
520 |a Colección de breves catálogos que formaron parte de una campaña emprendida por el Instituto Nacional Indigenista de México (INI) para rescatar aquellas palabras de varias lenguas indígenas que pueden ser utilizadas en lugar de la expresión española que las ha desplazado en dicho contexto idiomático, sin alterar la precisión comunicativa. El décimo cuarto tomo de la colección está dedicado a la lengua totonaca y también están disponibles en la Biblioteca del ITESO los catálogos referidos a las lenguas maya (tomo 1), trique (tomo 4), tarasca (tomo 7), variante de la lengua tlapaneca que se habla en la montaña de Guerrero (tomo 10) y cora (tomo 12). Las publicaciones fueron elaboradas con el concurso de los centros del INI -seis en ese momento- dotados de radiodifusoras. 
546 |a Edición bilingüe español-totonaco 
649 |a XX 
650 |a Palabras Extranjeras 
650 |a Totonaco -  |x Términos y Frases 
650 |a Maya Totonaco 
650 |a Lenguas Indígenas -  |z Puebla 
650 |a Lenguas Indígenas -  |z Veracruz 
650 |a Lenguas Indígenas -  |z México 
650 |a Lenguaje y Lenguas 
650 |a Lexicología 
650 |a Lingüística 
700 |a Zalazar Villaseñor, Leobardo  |e (colaboración) 
700 |a Sánchez Azuara, Gilberto  |e (preliminares) 
910 |a Fondo General 
920 |a Impresos - Libros 
930 |a Colección General 
905 |a 101 
901 |a 0500125473  |b IT1  |c ACC  |u 20250521 
902 |a https://opac.biblio.iteso.mx/vufind/Record/000184589